[Event "Gibraltar Masters 2020"]
[Site "Caleta ENG"]
[Date "2020.01.28"]
[Round "8.70"]
[White "Sukandar, Irine Kharisma"]
[Black "Pourkashiyan, Atousa"]
[Result "1-0"]
[WhiteTitle "IM"]
[BlackTitle "WGM"]
[WhiteElo "2402"]
[BlackElo "2305"]
[WhiteFideId "7101937"]
[BlackFideId "12502014"]
[EventDate "2020.01.21"]

1. e4 e5 2. Nf3 Nf6 3. Nxe5 d6 4. Nf3 Nxe4 5. d4 d5 6. Bd3 Nc6 7. O-O Be7 8. c4
Nb4 9. Be2 O-O 10. Nc3 Bf5 11. a3 Nxc3 12. bxc3 Nc6 13. Re1 Re8 14. Bf4 Rc8 15.
c5 Bf6 16. h3 h6 17. Qa4 Re6 18. Bf1 Be4 19. Nd2 Bg5 20. Bxg5 Qxg5 21. Nxe4 Rxe4
22. Rxe4 dxe4 23. Re1 Re8 24. Re3 a6 25. Bc4 Kf8 26. Ba2 Nd8 27. Qc2 c6 28. Qe2
Ne6 29. Rxe4 Qc1+ 30. Kh2 Qxc3 31. Bxe6 Rxe6 32. Rxe6 fxe6 33. Qxe6 Qxd4 34.
Qc8+ Kf7 35. Qxb7+ Kg8 36. Qb3+ Kh8 37. Qe3 Qd5 38. f3 Qh5 39. Qe7 a5 40. g4 Qg6
41. Qf8+ Kh7 42. Qf5 Qxf5 43. gxf5 Kg8 44. Kg3 Kf7 45. Kf4 Kf6 46. a4 Kf7 47.
Ke5 Ke7 48. h4 Kd7 49. h5 Ke7 50. f4 Kf7 51. f6 gxf6+ 52. Kd6 1-0

[Event "Gibraltar Masters 2020"]
[Site "Caleta ENG"]
[Date "2020.01.28"]
[Round "8.71"]
[White "Pratyusha, Bodda"]
[Black "Hedman, Erik"]
[Result "1/2-1/2"]
[WhiteTitle "WIM"]
[BlackTitle "IM"]
[WhiteElo "2267"]
[BlackElo "2376"]
[WhiteFideId "5000629"]
[BlackFideId "1702351"]
[EventDate "2020.01.21"]

1. d4 Nf6 2. Bf4 g6 3. Nc3 Bg7 4. e4 d6 5. h3 O-O 6. Qd2 Nc6 7. Nf3 e5 8. dxe5
dxe5 9. Qxd8 Rxd8 10. Nxe5 Nb4 11. Bd3 Nh5 12. Bh2 Bxe5 13. Bxe5 Rxd3 14. cxd3
Nxd3+ 15. Ke2 Nxe5 16. g4 Nf4+ 17. Ke3 Ng2+ 18. Ke2 b6 19. f3 c6 20. h4 f6 21.
Rad1 Be6 22. b3 g5 23. Rd6 Re8 24. h5 Nh4 25. f4 Nxg4 26. Rg1 Bf7 27. h6 f5 28.
fxg5 Bh5 29. Rh1 Ne5+ 30. Kf2 Nef3 31. exf5 Nxf5 32. Rf6 Bg4 33. Rxf5 Bxf5 34.
Kxf3 Rf8 35. Kg3 Kf7 36. Rd1 Kg6 37. Kh4 Re8 38. Rd6+ Re6 39. Rxe6+ Bxe6 40. Ne2
Bf5 41. Nd4 c5 42. Nc6 Kf7 43. Kg3 a5 44. Ne5+ Kg8 45. Nc4 Bb1 46. a3 Bc2 47.
Nxb6 Bxb3 48. Kf4 c4 49. Nd5 1/2-1/2

[Event "Gibraltar Masters 2020"]
[Site "Caleta ENG"]
[Date "2020.01.28"]
[Round "8.72"]
[White "Gomez Anadon, Daniel"]
[Black "Bellahcene, Bilel"]
[Result "1/2-1/2"]
[WhiteTitle "FM"]
[BlackTitle "GM"]
[WhiteElo "2276"]
[BlackElo "2536"]
[WhiteFideId "2218151"]
[BlackFideId "696358"]
[EventDate "2020.01.21"]

1. e4 c5 2. Nf3 d6 3. Bb5+ Nd7 4. Ba4 Nf6 5. O-O a6 6. c4 e5 7. Nc3 g6 8. d3 Bg7
9. Bg5 h6 10. Bxf6 Bxf6 11. Rb1 O-O 12. Bxd7 Bxd7 13. b4 cxb4 14. Rxb4 Bc6 15.
Nd5 Bg7 16. Rb2 Rb8 17. Nb6 f5 18. Nd2 f4 19. Qe2 g5 20. Rfb1 Rf7 21. a4 Bf8 22.
a5 Rg7 23. h3 g4 24. hxg4 h5 25. gxh5 Qh4 26. Nd5 Kh8 27. Nf1 Rg5 28. g3 Bh6 29.
Ne7 Qh3 30. f3 Bd7 31. Rxb7 Rxb7 32. Rxb7 fxg3 33. Qg2 Qxg2+ 34. Kxg2 Bh3+ 35.
Kg1 g2 36. Ne3 Rg7 37. Rb8+ Kh7 38. N7f5 Bxe3+ 39. Nxe3 Rg3 1/2-1/2

[Event "Gibraltar Masters 2020"]
[Site "Caleta ENG"]
[Date "2020.01.28"]
[Round "8.73"]
[White "Moroni, Luca Jr"]
[Black "Sowray, Peter J"]
[Result "1-0"]
[WhiteTitle "GM"]
[BlackTitle "FM"]
[WhiteElo "2532"]
[BlackElo "2272"]
[WhiteFideId "865834"]
[BlackFideId "400971"]
[EventDate "2020.01.21"]

1. c4 e6 2. Nc3 d5 3. d4 Nf6 4. cxd5 exd5 5. Bg5 c6 6. e3 Be7 7. Bd3 Nbd7 8. h3
h6 9. Bf4 Nb6 10. Nf3 Be6 11. Qc2 Bd6 12. Ne5 Qc7 13. Bh2 Nc4 14. Bxc4 dxc4 15.
O-O O-O 16. f4 b5 17. e4 Rad8 18. Rad1 Bc8 19. f5 Ba6 20. Nf3 Bxh2+ 21. Nxh2 b4
22. e5 Nd7 23. Ne4 b3 24. Qc3 f6 25. e6 Nb6 26. Nc5 Bb5 27. a4 Bxa4 28. e7 Qxe7
29. Nxa4 1-0

[Event "Gibraltar Masters 2020"]
[Site "Caleta ENG"]
[Date "2020.01.28"]
[Round "8.74"]
[White "Bru Rullo, Llatzer"]
[Black "Libiszewski, Fabien"]
[Result "0-1"]
[WhiteTitle "FM"]
[BlackTitle "GM"]
[WhiteElo "2273"]
[BlackElo "2522"]
[WhiteFideId "22219668"]
[BlackFideId "616834"]
[EventDate "2020.01.21"]

1. d4 Nf6 2. c4 g6 3. Nc3 Bg7 4. e4 d6 5. Nf3 O-O 6. h3 Nbd7 7. Be3 e5 8. d5 Nc5
9. Nd2 a5 10. g4 c6 11. Be2 Bd7 12. g5 Ne8 13. h4 a4 14. h5 cxd5 15. cxd5 Nc7
16. Kf1 b5 17. a3 Rb8 18. Kg2 f5 19. gxf6 Qxf6 20. Qc2 Bh6 21. Nf3 Bg4 22. Nh2
Bxe2 23. Qxe2 Bxe3 24. Qxe3 b4 25. Ne2 bxa3 26. Ng4 Qg7 27. Nh6+ Kh8 28. Rxa3
Rxb2 29. hxg6 Qxg6+ 30. Ng3 Nxe4 31. Qxe4 Rbxf2+ 32. Kh3 Qxh6+ 33. Qh4 0-1

[Event "Gibraltar Masters 2020"]
[Site "Caleta ENG"]
[Date "2020.01.28"]
[Round "8.75"]
[White "Rangel, Daniel"]
[Black "Paehtz, Elisabeth"]
[Result "0-1"]
[WhiteTitle "FM"]
[BlackTitle "IM"]
[WhiteElo "2269"]
[BlackElo "2467"]
[WhiteFideId "2124475"]
[BlackFideId "4641833"]
[EventDate "2020.01.21"]

1. d4 Nf6 2. c4 g6 3. Nc3 Bg7 4. e4 O-O 5. Nf3 c6 6. e5 Ne8 7. Be2 d6 8. exd6
Nxd6 9. h3 Na6 10. O-O Nc7 11. Bf4 b5 12. Ne5 Bb7 13. d5 cxd5 14. cxb5 Ne6 15.
Bh2 d4 16. Na4 Rc8 17. Qb3 Nc5 18. Nxc5 Rxc5 19. Nc6 Bxc6 20. bxc6 Rxc6 21. Qa4
Qb6 22. Bf3 Rc4 23. Qa3 e5 24. Rfe1 Rc5 25. Rac1 Rfc8 26. Rxc5 Rxc5 27. b4 Rb5
28. Qd3 Qc7 29. a3 a5 30. bxa5 Qxa5 31. Rc1 Bh6 32. Rd1 Bf8 33. Bg3 Nf5 34. Be4
Nxg3 35. fxg3 Rc5 36. Rf1 Qc3 37. Qb1 Rc7 38. Rf3 Qc5 39. Kh2 f5 40. Qa2+ Kg7
41. Bxf5 gxf5 42. Rxf5 Qe7 43. Qe2 Rc5 44. Qg4+ Kh8 45. Qf3 Kg8 46. Qb3+ Kg7 47.
Qf3 h6 48. Qg4+ Kh8 49. Qg6 Rc7 50. Rf6 d3 51. Qf5 Bg7 52. Re6 Qf7 53. Qxd3 Qxe6
54. Qd8+ Bf8 55. Qxc7 Bxa3 56. Qb8+ Kg7 57. Qb7+ Be7 58. Qe4 Bf6 59. Kg1 Qb6+
60. Kh2 Qd4 61. Qb7+ Kg6 62. Qc8 Qd5 63. Qg4+ Kf7 64. Qh5+ Kg7 65. Qg4+ Kh8 66.
Qc8+ Qg8 67. Qf5 Kg7 0-1

[Event "Gibraltar Masters 2020"]
[Site "Caleta ENG"]
[Date "2020.01.28"]
[Round "8.76"]
[White "Gunina, Valentina"]
[Black "Vedder, Richard"]
[Result "0-1"]
[WhiteTitle "GM"]
[BlackTitle "FM"]
[WhiteElo "2461"]
[BlackElo "2263"]
[WhiteFideId "4167570"]
[BlackFideId "1004166"]
[EventDate "2020.01.21"]

1. Nf3 Nf6 2. g3 e6 3. Bg2 a6 4. O-O b5 5. Ne5 Ra7 6. a4 b4 7. e4 Bb7 8. d3 d5
9. Qe2 Be7 10. Ng4 O-O 11. Nxf6+ Bxf6 12. e5 Be7 13. Qg4 Kh8 14. Nd2 c5 15. f4
Nc6 16. Nf3 Bc8 17. Be3 b3 18. cxb3 Rb7 19. Qh5 g6 20. Qh6 Rg8 21. Rac1 Rxb3 22.
Rxc5 Rxd3 23. Rxc6 Rxe3 24. f5 Rxf3 25. Bxf3 Bg5 26. Qh3 gxf5 27. Kh1 Bb7 28.
Rc2 Qa5 29. Qg2 Kg7 30. h4 Bh6 31. g4 Kh8 32. g5 Bg7 33. Qh2 Rc8 34. Rxc8+ Bxc8
35. Rc1 Bd7 36. Qf4 Qb6 37. h5 Qxb2 38. Rc7 Bxe5 39. Rxd7 h6 40. Qh4 hxg5 41.
Qh3 g4 42. Qg2 Qc1+ 43. Qg1 Qg5 44. Qc5 Qh4+ 45. Kg2 gxf3+ 46. Kf1 Qh1+ 47. Qg1
Qh3+ 48. Ke1 f2+ 0-1

[Event "Gibraltar Masters 2020"]
[Site "Caleta ENG"]
[Date "2020.01.28"]
[Round "8.77"]
[White "Kovacevic, Blazimir"]
[Black "Weisbuch, Udi"]
[Result "1-0"]
[WhiteTitle "GM"]
[BlackTitle "FM"]
[WhiteElo "2451"]
[BlackElo "2222"]
[WhiteFideId "14502712"]
[BlackFideId "2801302"]
[EventDate "2020.01.21"]

1. d4 Nf6 2. Nf3 g6 3. Nbd2 Bg7 4. e4 d5 5. e5 Nfd7 6. h4 h6 7. Bd3 e6 8. c3 c5
9. b4 cxd4 10. cxd4 a6 11. Nb3 Nc6 12. a3 b5 13. Ra2 Nb6 14. O-O Bd7 15. h5 gxh5
16. Nh2 Qh4 17. Be2 Bf8 18. Bxh5 Nc4 19. Ng4 Be7 20. g3 Qh3 21. Nf6+ Bxf6 22.
Bg4 Qxf1+ 23. Kxf1 Be7 24. Bh5 a5 25. bxa5 N6xa5 26. Nxa5 Nxa5 27. Qf3 Rh7 28.
Qd3 Rh8 29. Qf3 Rh7 30. Qd3 Rh8 31. Rc2 Nc4 32. Qf3 Rh7 33. Rc3 Ra4 34. Kg2 Na5
35. Qd3 Rh8 36. Rc7 Rc4 37. Ra7 Nc6 38. Ra8+ Bd8 39. Qf3 Rh7 40. Be3 Ra4 41.
Rxa4 bxa4 42. Qe2 Na5 43. Qg4 Kf8 44. Bd2 Nc6 45. Qd1 Ke8 46. Qxa4 Nxe5 47. Qc2
Ng6 48. Bxg6 fxg6 49. Qxg6+ Rf7 50. Bxh6 Bf6 51. Qg8+ Ke7 52. Bd2 Be8 53. Bb4+
Kd8 54. Bc5 Be7 55. Bxe7+ Kxe7 56. g4 Rf8 57. Qg5+ Rf6 58. Kg3 Bb5 59. f4 Ba4
60. Qe5 Bd7 61. Qc7 Rf8 62. a4 Rc8 63. Qa7 Rc3+ 64. Kh4 Rf3 65. Kg5 Rg3 66. Qc5+
Kd8 67. a5 e5 68. f5 exd4 69. a6 1-0

[Event "Gibraltar Masters 2020"]
[Site "Caleta ENG"]
[Date "2020.01.28"]
[Round "8.78"]
[White "Csiki, Endre"]
[Black "Houska, Jovanka"]
[Result "0-1"]
[WhiteTitle "FM"]
[BlackTitle "IM"]
[WhiteElo "2263"]
[BlackElo "2401"]
[WhiteFideId "775126"]
[BlackFideId "405094"]
[EventDate "2020.01.21"]

1. e4 c6 2. c4 d5 3. cxd5 cxd5 4. exd5 Nf6 5. Bb5+ Nbd7 6. Nf3 a6 7. Ba4 Nxd5 8.
Nc3 e6 9. Nxd5 exd5 10. O-O Be7 11. d4 O-O 12. Bf4 Nb6 13. Bc2 Bg4 14. Re1 Rc8
15. Rc1 Bb4 16. Re3 Nc4 17. Rb3 Bd6 18. Qd3 g6 19. Bxd6 Qxd6 20. Qd1 Rc7 21. Rb1
Rfc8 22. h3 Bd7 23. Ne1 Qf4 24. Nd3 Qxd4 25. Nb4 Qxd1+ 26. Rxd1 Ba4 27. Nxd5
Bxb3 28. Bxb3 Nxb2 29. Rf1 b5 30. Nxc7 Rxc7 31. f3 a5 32. Rb1 Nd3 33. Kf1 Nc1
34. Bd5 Rc5 35. a3 a4 36. Bb7 Nb3 37. Rd1 Kf8 38. Rd5 Rxd5 39. Bxd5 Nd4 40. Ke1
Nc2+ 41. Kd2 Nxa3 42. Kc3 Nc4 43. Kb4 Ne3 44. Bc6 Nxg2 45. Bxb5 Nf4 46. Bf1 Kg7
47. Kxa4 Kh6 48. Kb4 Kg5 49. Kc5 Kh4 50. Kd6 Nxh3 51. Ke7 f5 52. Kf6 Nf4 53. Kg7
h5 54. Kh6 Kg3 0-1

[Event "Gibraltar Masters 2020"]
[Site "Caleta ENG"]
[Date "2020.01.28"]
[Round "8.79"]
[White "Mullick, Raahil"]
[Black "Oragwu, Chukwunonso"]
[Result "1-0"]
[WhiteTitle "CM"]
[BlackTitle "FM"]
[WhiteElo "2382"]
[BlackElo "2220"]
[WhiteFideId "35080350"]
[BlackFideId "8501254"]
[EventDate "2020.01.21"]

1. e4 c5 2. Nf3 Nc6 3. d4 cxd4 4. Nxd4 g6 5. Nc3 Bg7 6. Be3 Nf6 7. Bc4 Qa5 8.
O-O O-O 9. Bb3 d6 10. f3 Bd7 11. Qd2 Rfe8 12. Rad1 Rac8 13. Kh1 Nxd4 14. Bxd4
Bc6 15. Bxf6 Bxf6 16. Nd5 Qxd2 17. Nxf6+ exf6 18. Rxd2 Rcd8 19. Rfd1 Kf8 20.
Rxd6 Rxd6 21. Rxd6 f5 22. Rf6 Re7 23. e5 Rxe5 24. Rxf7+ Ke8 25. Kg1 Re7 26.
Rxe7+ Kxe7 27. f4 h6 28. Kf2 g5 29. g3 Kd6 30. Ke3 Bh1 31. Kd4 Bg2 32. Bg8 a5
33. c4 b6 34. Bh7 Bh3 35. a3 Bg4 36. b4 axb4 37. axb4 gxf4 38. gxf4 Bh3 39. Bg8
Bg2 40. Bd5 Bxd5 41. cxd5 b5 42. h3 1-0

[Event "Gibraltar Masters 2020"]
[Site "Caleta ENG"]
[Date "2020.01.28"]
[Round "8.80"]
[White "Mieles Palau, Daniel"]
[Black "Cherniack, Alex"]
[Result "1-0"]
[WhiteTitle "IM"]
[WhiteElo "2374"]
[BlackElo "2211"]
[WhiteFideId "3600467"]
[BlackFideId "2007606"]
[EventDate "2020.01.21"]

1. c4 e5 2. g3 d6 3. Bg2 g6 4. Nc3 Bg7 5. e3 f5 6. Nge2 Nf6 7. d4 c6 8. b3 O-O
9. O-O Qc7 10. Ba3 Re8 11. b4 a6 12. d5 Rd8 13. dxc6 Nxc6 14. Rc1 Qf7 15. Nd5
Nxd5 16. cxd5 Nb8 17. f4 Nd7 18. Rc7 Qe8 19. Bb2 Nb6 20. fxe5 Bxe5 21. Bd4 Nd7
22. Nf4 Nf8 23. Qd2 Rd7 24. Rfc1 Qd8 25. Rxd7 Bxd7 26. Ne6 Qf6 27. Nxf8 Rxf8 28.
Rc7 Bxd4 29. Qxd4 Qxd4 30. exd4 Bc8 31. a4 h6 32. h4 Kh8 33. a5 Kg8 34. Bf3 Kh8
35. Bd1 Kg8 36. Ba4 Rd8 37. Kf2 Kh8 38. Kf3 Kg8 39. Ke3 Kh8 40. Kf4 Kg8 41. Re7
Kh8 42. Be8 g5+ 43. hxg5 hxg5+ 44. Kxg5 Kg8 45. Kf6 Kf8 46. Ba4 Kg8 47. Rg7+ Kh8
48. Ke7 Kxg7 49. Kxd8 f4 50. gxf4 1-0

[Event "Gibraltar Masters 2020"]
[Site "Caleta ENG"]
[Date "2020.01.28"]
[Round "8.81"]
[White "Benmesbah, Natacha"]
[Black "Melia, Salome"]
[Result "0-1"]
[WhiteTitle "WIM"]
[BlackTitle "IM"]
[WhiteElo "2258"]
[BlackElo "2368"]
[WhiteFideId "642002"]
[BlackFideId "13602446"]
[EventDate "2020.01.21"]

1. e4 c5 2. Nf3 e6 3. d3 Nc6 4. g3 d5 5. Qe2 Nf6 6. e5 Nd7 7. Bg2 Be7 8. O-O b5
9. c3 O-O 10. Bf4 g5 11. Bc1 g4 12. Ne1 Ndxe5 13. d4 cxd4 14. cxd4 Ng6 15. Bh6
Re8 16. Qxg4 e5 17. Qh5 Nxd4 18. Nc3 Be6 19. Rd1 Rc8 20. a3 a5 21. Rxd4 exd4 22.
Nxb5 Qd7 23. Qe2 Bg4 24. Qd3 Bf8 25. Bxf8 Be2 26. Qxd4 Kxf8 27. Nc3 Bxf1 28.
Kxf1 Rxc3 29. Qxc3 Qb5+ 30. Nd3 Ne5 31. Qc5+ Qxc5 32. Nxc5 d4 33. Be4 Nc4 34.
Bxh7 Nxb2 35. h4 Kg7 36. Bf5 Re5 37. Nd3 Rxf5 38. Nxb2 Rb5 39. Nc4 Rc5 40. Nd6
d3 41. Ke1 Rc3 42. Nb5 Rb3 43. a4 Rb2 44. g4 Re2+ 0-1

[Event "Gibraltar Masters 2020"]
[Site "Caleta ENG"]
[Date "2020.01.28"]
[Round "8.82"]
[White "Vidic, Teja"]
[Black "Gschnitzer, Oswald"]
[Result "1/2-1/2"]
[WhiteTitle "WFM"]
[BlackTitle "IM"]
[WhiteElo "2252"]
[BlackElo "2361"]
[WhiteFideId "14605511"]
[BlackFideId "4600231"]
[EventDate "2020.01.21"]

1. e4 c5 2. Nf3 Nc6 3. d4 cxd4 4. Nxd4 e5 5. Nb5 d6 6. N1c3 a6 7. Na3 Be7 8. Nc4
b5 9. Ne3 Nf6 10. Ned5 Nxd5 11. Nxd5 O-O 12. a4 Rb8 13. Bd3 Bg5 14. O-O Bxc1 15.
Qxc1 Be6 16. axb5 axb5 17. Ne3 g6 18. c3 Na5 19. Qc2 Nb3 20. Ra3 Nc5 21. Rd1 b4
22. cxb4 Rxb4 23. Bc4 Qb8 24. Bxe6 Nxe6 25. Nd5 Rxb2 26. Qc1 Nf4 27. Nxf4 Rc8
28. Qe3 exf4 29. Qxf4 Rb1 30. Ra1 Rxa1 31. Rxa1 Qb2 1/2-1/2

[Event "Gibraltar Masters 2020"]
[Site "Caleta ENG"]
[Date "2020.01.28"]
[Round "8.83"]
[White "Bellon Lopez, Juan Manuel"]
[Black "Sigeman, Johan"]
[Result "1/2-1/2"]
[WhiteTitle "GM"]
[WhiteElo "2348"]
[BlackElo "2119"]
[WhiteFideId "2200031"]
[BlackFideId "1705601"]
[EventDate "2020.01.21"]

1. d4 Nf6 2. Bg5 e6 3. e3 h6 4. Bxf6 Qxf6 5. Nd2 d5 6. Bd3 c5 7. c3 Nc6 8. Ngf3
Bd6 9. O-O O-O 10. Re1 cxd4 11. exd4 e5 12. dxe5 Nxe5 13. Nxe5 Bxe5 14. Qh5 Bf4
15. Nf3 Be6 16. Nd4 Rfe8 17. g3 Bc7 18. Re3 Qg5 19. Qxg5 hxg5 20. Bb5 Rf8 21.
Nxe6 fxe6 22. Rxe6 Bb6 23. Rf1 d4 24. Bc4 Kh8 25. Re5 Rac8 26. Bb3 dxc3 27. Rxg5
Rc5 28. Rxc5 Bxc5 29. bxc3 Rf3 30. Bd5 Rxc3 31. Bxb7 Rc2 32. Bd5 g5 33. Bb3 Rb2
34. Kg2 Kg7 35. h4 gxh4 36. gxh4 a5 37. Kf3 a4 38. Be6 Kf6 39. Bg8 Kf5 40. Kg3
Bd6+ 41. f4 Rd2 42. Rf3 Rb2 43. h5 Rb4 44. Bh7+ Kf6 45. Kg4 Rb2 46. Rd3 Bb8 47.
Rd8 Rb4 48. Be4 Rxe4 49. Rxb8 Re2 50. h6 Kg6 51. Rh8 Rg2+ 52. Kh3 Rxa2 53. f5+
Kxf5 54. Rg8 Ra1 55. Kh2 Ra2+ 56. Kh1 Ra1+ 57. Kh2 1/2-1/2

[Event "Gibraltar Masters 2020"]
[Site "Caleta ENG"]
[Date "2020.01.28"]
[Round "8.84"]
[White "Janzelj, Lara"]
[Black "Garcia Martin, Marta"]
[Result "1/2-1/2"]
[WhiteTitle "WIM"]
[BlackTitle "IM"]
[WhiteElo "2195"]
[BlackElo "2317"]
[WhiteFideId "14608391"]
[BlackFideId "32084030"]
[EventDate "2020.01.21"]

1. d4 d5 2. c4 e6 3. Nf3 Nf6 4. g3 Bb4+ 5. Bd2 Bd6 6. Nc3 c6 7. Qc2 O-O 8. Bg2
Nbd7 9. cxd5 exd5 10. O-O Re8 11. Nh4 g6 12. a3 Nb6 13. Bg5 Be7 14. e3 Ne4 15.
Bxe7 Qxe7 16. Na2 g5 17. Nf3 Bf5 18. Qe2 Nc4 19. Rad1 Bg4 20. h3 Bh5 21. g4 Bg6
22. Nb4 f6 23. Nh2 Kg7 24. Rfe1 Qf7 25. Nf1 h5 26. f3 Ned6 27. Nd3 Rad8 28. a4
Nb6 29. b3 Nd7 30. Qf2 b6 31. Qg3 Re6 32. gxh5 Bxd3 33. Rxd3 Rde8 34. Rc1 Nf5
35. Qf2 c5 36. dxc5 Nxc5 37. Rxd5 Nxe3 38. Nxe3 Rxe3 39. Rcd1 Rxb3 40. h4 gxh4
41. Qxh4 Rbe3 42. R5d4 Qe7 43. Rg4+ Kh7 44. Kh2 f5 45. Qxe7+ R8xe7 46. Rg5 Rg7
47. Rxg7+ Kxg7 48. Kg3 Nd3 49. Kh4 Kh6 50. Bf1 Nf4 51. Bc4 Rxf3 52. Rd6+ Kh7 53.
Kg5 Rg3+ 54. Kxf4 Rg4+ 55. Kxf5 Rxc4 56. Rd7+ Kh6 57. Rxa7 Rc5+ 58. Ke6 Kxh5 59.
Ra6 Ra5 60. Rxa5+ bxa5 61. Kd6 Kg6 62. Kc6 Kf6 63. Kb6 Ke6 64. Kxa5 Kd7 65. Ka6
Kc8 66. Ka7 Kc7 67. a5 Kc8 68. a6 Kc7 1/2-1/2

[Event "Gibraltar Masters 2020"]
[Site "Caleta ENG"]
[Date "2020.01.28"]
[Round "8.85"]
[White "Shachar, Ehud"]
[Black "Utiatskaja, Irina"]
[Result "0-1"]
[WhiteTitle "IM"]
[BlackTitle "WIM"]
[WhiteElo "2363"]
[BlackElo "2143"]
[WhiteFideId "2802198"]
[BlackFideId "24140848"]
[EventDate "2020.01.21"]

1. Nf3 Nf6 2. d4 g6 3. e3 Bg7 4. Be2 c5 5. O-O cxd4 6. exd4 d5 7. c3 O-O 8. Bf4
Nh5 9. Be3 Nc6 10. Ne5 Nf6 11. f4 Qc7 12. Nd2 a6 13. Qe1 b5 14. Rc1 Na5 15. b3
Bd7 16. Bd3 Nc6 17. Qh4 Ne8 18. Ndf3 Nd6 19. Nxd7 Qxd7 20. Ne5 Qe6 21. Bd2 Ne4
22. Bxe4 dxe4 23. f5 gxf5 24. Nxc6 Qxc6 25. Rxf5 Qe6 26. Rcf1 e3 27. Be1 Rad8
28. Qg3 Kh8 29. Rh5 b4 30. Rf4 e2 31. Rfh4 h6 32. Kh1 Qg6 33. Qe3 Rd6 34. cxb4
Re6 35. Qd2 Rc8 36. Rc5 Rd8 37. h3 Re4 38. Rxe4 Qxe4 39. Rc2 Rxd4 40. Qxe2 Qf5
41. Rc4 Rd5 42. Rc1 Rd3 43. Rc5 Qd7 44. Qe4 Rd1 45. Rc2 Qe6 46. Qxe6 fxe6 47. g4
Rxe1+ 48. Kg2 Rb1 49. Kf3 Rb2 50. Rxb2 Bxb2 51. a4 Ba3 52. b5 axb5 53. a5 Kg7
54. a6 Bc5 55. Ke4 Kf6 56. h4 Ba7 57. b4 Bb8 58. Kd4 Ba7+ 59. Ke4 Bg1 60. Kf4
e5+ 61. Ke4 Ke6 62. Kf3 Kd5 63. g5 hxg5 64. hxg5 Bd4 65. Kg4 e4 66. Kf5 e3 67.
g6 Kc6 68. Ke4 e2 0-1

[Event "Gibraltar Masters 2020"]
[Site "Caleta ENG"]
[Date "2020.01.28"]
[Round "8.86"]
[White "Alboredo, Julia"]
[Black "Pranav, Anand"]
[Result "0-1"]
[WhiteTitle "WFM"]
[BlackTitle "FM"]
[WhiteElo "2190"]
[BlackElo "2309"]
[WhiteFideId "2124807"]
[BlackFideId "46626786"]
[EventDate "2020.01.21"]

1. e4 c5 2. Nf3 Nc6 3. d4 cxd4 4. Nxd4 Nf6 5. Nc3 d6 6. Bg5 e6 7. Qd2 a6 8.
O-O-O Bd7 9. f3 Nxd4 10. Qxd4 Be7 11. h4 b5 12. Kb1 Qc7 13. Qd2 Rb8 14. Bd3 a5
15. g4 b4 16. Ne2 a4 17. Be3 Bc6 18. Nd4 Nd7 19. g5 Nc5 20. h5 Bd7 21. f4 Qb7
22. e5 dxe5 23. fxe5 Qd5 24. Rhf1 Nxd3 25. Qxd3 g6 26. Qe2 Qe4 27. Qf2 Rf8 28.
Qd2 Rb7 29. hxg6 hxg6 30. Bf4 Rc7 31. Rfe1 Qb7 32. Re3 Rh8 33. Nf3 Bc6 34. Rd3
Rc8 35. Nh2 Be4 36. Rd7 Qc6 37. Rxe7+ Kxe7 38. Qxb4+ Ke8 39. Rc1 Rh4 40. Qd2
Qxc2+ 41. Rxc2 Rxc2 0-1

[Event "Gibraltar Masters 2020"]
[Site "Caleta ENG"]
[Date "2020.01.28"]
[Round "8.87"]
[White "Chigaeva, Anastasia"]
[Black "Judkovsky, Yair"]
[Result "0-1"]
[WhiteTitle "WFM"]
[WhiteElo "2156"]
[BlackElo "2305"]
[WhiteFideId "24131008"]
[BlackFideId "2804930"]
[EventDate "2020.01.21"]

1. d4 Nf6 2. c4 e6 3. Nf3 b6 4. g3 Bb7 5. Bg2 Be7 6. O-O O-O 7. Nc3 Ne4 8. Bd2
Nxd2 9. Qxd2 d6 10. e4 Nd7 11. Rfe1 g6 12. d5 Bf6 13. Rac1 Bg7 14. h4 a5 15. Bh3
Nc5 16. b3 Qf6 17. Nh2 Rae8 18. Nb5 Qd8 19. Nf3 Re7 20. Nfd4 Rfe8 21. Bg2 h5 22.
Na7 Bxd4 23. Qxd4 exd5 24. cxd5 Qa8 25. Nb5 Ba6 26. Qc4 Qd8 27. a4 f5 28. f3
fxe4 29. fxe4 Re5 30. Rf1 Rf8 31. Rxf8+ Qxf8 32. Rf1 Qe7 33. Rf4 g5 34. hxg5
Rxg5 35. Kh2 Qg7 36. Qc3 Bxb5 37. Qxg7+ Kxg7 38. axb5 Nxb3 39. Bh3 Rg6 40. Rf3
Nc5 41. e5 dxe5 42. Rf5 e4 43. Re5 Rf6 44. Bg2 a4 45. Bxe4 a3 46. Bb1 Rf1 47.
Re3 Rxb1 48. Rxa3 Ne4 49. Re3 Rb4 0-1

[Event "Gibraltar Masters 2020"]
[Site "Caleta ENG"]
[Date "2020.01.28"]
[Round "8.88"]
[White "Raghav, Srivathsav V"]
[Black "Antova, Gabriela"]
[Result "0-1"]
[BlackTitle "FM"]
[WhiteElo "2023"]
[BlackElo "2295"]
[WhiteFideId "5073316"]
[BlackFideId "2915235"]
[EventDate "2020.01.21"]

1. b3 d5 2. Bb2 Nf6 3. g3 g6 4. Bg2 Bg7 5. e3 c5 6. Ne2 O-O 7. O-O Nc6 8. f4 Bf5
9. h3 h5 10. Nbc3 d4 11. Na4 dxe3 12. dxe3 Qc8 13. Nxc5 Bxh3 14. Bxh3 Qxh3 15.
Bxf6 Bxf6 16. Rb1 Rad8 17. Qe1 Qf5 18. Nd3 Kg7 19. Qf2 e5 20. fxe5 Qxf2+ 21.
Kxf2 Bxe5 22. Nxe5 Nxe5 23. Nd4 Ng4+ 24. Kg1 Nxe3 25. Rf3 Rfe8 26. c3 a6 27. Re1
Ng4 28. Ref1 Rd7 29. a4 Re5 30. b4 a5 31. Nb3 axb4 32. cxb4 f5 33. Rc1 Re2 34.
a5 Rde7 35. Rfc3 Kh6 36. Nd4 Rb2 37. Nc2 Re2 38. b5 Rd2 39. b6 Kg5 40. Ne1 Ne5
41. Rc5 Nd3 42. Nf3+ Kg4 43. Nxd2 Nxc5 44. Nc4 Rb5 45. Rc3 Ne4 46. Ra3 Nxg3 47.
Nd6 Rb1+ 48. Kf2 Ne4+ 49. Nxe4 fxe4 50. Ke3 h4 51. Kxe4 h3 52. Ra2 Kg3 53. Ra3+
Kh4 54. Ra2 Kg3 55. Ra3+ Kh4 56. Ra2 g5 57. Kd5 g4 58. a6 bxa6 59. Kc6 g3 0-1

[Event "Gibraltar Masters 2020"]
[Site "Caleta ENG"]
[Date "2020.01.28"]
[Round "8.89"]
[White "Garrido Outon, Alex"]
[Black "Represa Perez, Mireya"]
[Result "1-0"]
[BlackTitle "WFM"]
[WhiteElo "2287"]
[BlackElo "2081"]
[WhiteFideId "24516279"]
[BlackFideId "32010036"]
[EventDate "2020.01.21"]

1. e4 c5 2. Nf3 d6 3. d4 cxd4 4. Nxd4 Nf6 5. Nc3 a6 6. Bg5 Nbd7 7. Qe2 h6 8. Bh4
g6 9. f4 e5 10. fxe5 dxe5 11. O-O-O Qc7 12. Nb3 b5 13. Rxd7 Nxd7 14. Nd5 Qd6 15.
Na5 g5 16. Be1 Nc5 17. Bb4 Qd8 18. Qf3 Bg7 19. Bxc5 Qxa5 20. b4 Qd8 21. Bb6 Bg4
22. Qxg4 Qc8 23. Nc7+ Kf8 24. Qxc8+ Rxc8 25. Nxa6 Bf6 26. Bxb5 Kg7 27. Rd1 Be7
28. Rd7 Kf6 29. Bc5 Bxc5 30. Nxc5 Rhd8 31. a4 Rxd7 32. Bxd7 Rb8 33. b5 Ke7 34.
Bc6 Kd6 35. Nd7 Rd8 36. a5 Kc7 37. a6 1-0